000
00300nam a22001337a 4500
008
180313b xxu||||| |||| 00| 0 eng d
020
_a
0130224189
041
_a
eng
080
_a
004
100
_a
28
101
_a
SHK
245
_a
Algorithms+Data Structures=Programs
_c
Wirth,N
942
_2
udc
_c
BK
999
_c
44842
_d
44842